| 000 | 00588cam a22002052 4500 | ||
|---|---|---|---|
| 001 | 0000018622 | ||
| 005 | 20151217145906.0 | ||
| 008 | 100223s xx 000 0 eng d | ||
| 020 | _a9966460071 | ||
| 040 |
_aKABU _cKABU |
||
| 050 | 0 |
_aPR9381.9 _b.N48G73 1966 |
|
| 100 | 1 |
_aNgugi, James. _@0000152282 |
|
| 245 | 1 | 2 | _aA Grain of wheat. |
| 260 |
_aNairobi : _bE. A. E. P., _c1966. |
||
| 300 | _a233 p. | ||
| 852 | 1 | _9p475 KES | |
| 852 | 1 | _9p475 KES | |
| 908 | _a100223 | ||
| 950 | _@1 | ||
| 999 |
_c3776 _d3776 |
||